[Event "Baghdad op 1st"]
[Site "Baghdad"]
[Date "2011.11.12"]
[Round "8"]
[White "Mohammed, Zozek Salah Mohamme"]
[Black "Noori, Salah"]
[Result "1-0"]
[WhiteElo "2265"]
[BlackElo "2088"]
[PlyCount "109"]
[EventDate "2011.11.08"]
[EventType "swiss"]
[EventRounds "9"]
[EventCountry "IRQ"]
[SourceTitle "CBM 145 Extra"]
[Source "ChessBase"]
[SourceDate "2012.01.03"]
[SourceVersion "1"]
[SourceVersionDate "2012.01.03"]
[SourceQuality "1"]

1. Nf3 Nf6 2. e3 d5 3. b3 g6 4. Bb2 Bg7 5. h3 c5 6. Bb5+ Bd7 7. c4 Bxb5 8. cxb5 Nbd7 9. 0-0 0-0 10. d4 Rc8 11. Nbd2 Qa5 12. Qe2 c4 13. bxc4 dxc4 14. Nxc4 Qxb5 15. Rfc1 Nb6 16. Nfe5 Ne4 17. Rc2 Nxc4 18. Nxc4 Rc7 19. a4 Qa6 20. Ne5 Qxe2 21. Rxe2 Bxe5 22. dxe5 Rfc8 23. Bd4 Rc1+ 24. Rxc1 Rxc1+ 25. Kh2 b6 26. Ra2 Rc6 27. h4 Nc5 28. a5 e6 29. axb6 axb6 30. Ra8+ Kg7 31. Rb8 Nd7 32. Rb7 Nc5 33. Ra7 Nb3 34. Ra4 Nxd4 35. exd4 b5 36. Rb4 Rb6 37. Kg3 f5 38. Kf4 Kf7 39. g4 Rb7 40. h5 fxg4 41. Kxg4 gxh5+ 42. Kxh5 Kg7 43. f4 h6 44. f5 exf5 45. d5 Re7 46. e6 Rb7 47. d6 Kf6 48. d7 Ke7 49. Rd4 Rb8 50. Kg6 Rd8 51. Kxf5 h5 52. Ke5 Rg8 53. Rf4 Rg7 54. Rf7+ Rxf7 55. exf7 1-0

[Event "Baghdad op 1st"]
[Site "Baghdad"]
[Date "2011.11.09"]
[Round "3"]
[White "Nagem, Abd M Issa"]
[Black "Noori, Salah"]
[Result "0-1"]
[WhiteElo "2201"]
[BlackElo "2088"]
[PlyCount "68"]
[EventDate "2011.11.08"]
[EventType "swiss"]
[EventRounds "9"]
[EventCountry "IRQ"]
[SourceTitle "CBM 145 Extra"]
[Source "ChessBase"]
[SourceDate "2012.01.03"]
[SourceVersion "1"]
[SourceVersionDate "2012.01.03"]
[SourceQuality "1"]

1. e4 e6 2. d4 d5 3. Nc3 Bb4 4. e5 b6 5. Qg4 Bf8 6. Nf3 Qd7 7. Be3 Ne7 8. Bd3 Ba6 9. 0-0 Bxd3 10. cxd3 Nf5 11. a4 Nc6 12. Rfd1 Na5 13. Nd2 c5 14. Ne2 h5 15. Qh3 g6 16. dxc5 bxc5 17. Rdc1 Rc8 18. Rc2 Be7 19. d4 c4 20. f4 Bb4 21. Ra2 Nb3 22. Nb1 a6 23. Qf3 Qa7 24. Qf2 Be1 25. Qxe1 Nxe3 26. Rd2 Nxd2 27. Qxd2 Nf5 28. a5 Rb8 29. Nbc3 Rb3 30. g3 0-0 31. h3 Rfb8 32. Kg2 Qb7 33. g4 Ng7 34. Kg3 Rxb2 0-1